| 000 | 00451nam a2200181Ia 4500 | ||
|---|---|---|---|
| 005 | 20250603145104.0 | ||
| 008 | 250603s9999 xx 000 0 und d | ||
| 020 | _a9781032286662 | ||
| 050 | _aHD 728.78 .B26/ | ||
| 100 | _aBorisova, Neli. | ||
| 245 | 0 | _aHouses of multiple occupation and selective licensing | |
| 260 | _aNew York | ||
| 260 | _bRoutledge | ||
| 260 | _c2023 | ||
| 300 | _aix, 195p.: ill. | ||
| 650 | _aNew York | ||
| 942 | _cBK | ||
| 999 |
_c40836 _d40836 |
||